Statistically speaking (Record no. 49842)

MARC details
000 -LEADER
fixed length control field 00403nam a2200133Ia 4500
100 ## - MAIN ENTRY--AUTHOR NAME
Personal name Lalithakumari E.
245 #0 - TITLE STATEMENT
Title Statistically speaking
260 ## - PUBLICATION, DISTRIBUTION, ETC. (IMPRINT)
Name of publisher Souvenir, Rubber Planters' Conference India, 1974, Kottayam, India, pp. 91-93.
Year of publication 1974
650 ## - SUBJECT ADDED ENTRY--TOPICAL TERM
Topical Term Rubber consumption
650 ## - SUBJECT ADDED ENTRY--TOPICAL TERM
Topical Term Rubber production
650 ## - SUBJECT ADDED ENTRY--TOPICAL TERM
Topical Term Rubber statistics
942 ## - ADDED ENTRY ELEMENTS (KOHA)
Koha item type Bibliography STAF
Holdings
Withdrawn status Lost status Damaged status Not for loan Home library Current library Shelving location Date acquired Koha item type
      Bibliography RRII Library RRII Library Economics 09/04/2014 Bibliography STAF